000 00422nam a2200157Ia 4500
999 _c17147
_d17147
003 0100
005 20170303113131.0
008 130303s9999 xx 000 0 und d
040 _cARRUPELIB
050 _aBX2250.T34
245 4 _aThe Eucharist
260 _aKenya
260 _bPaulines
650 _bLord's supper
_929254
700 _aprepared by The Theological Historical Commission for the Great Jubilee of the Y
_929255
942 _2lcc
_cMONOGRAPH